Pan Tau : (Registro nro. 8861)

Detalles MARC
000 -LIDER
fixed length control field 00974nam a22002897a 4500
001 - NÚMERO DE CONTROL
Identificador de número de control 89009
003 - IDENTIFICACDOR DE NÚMERO DE CONTROL
control field DO-SdBNP
005 - DATE AND TIME OF LATEST TRANSACTION
control field 20180201151157.0
007 - CAMPOS FIJOS DE DESCRIPCIÓN FÍSICA
fixed length control field 89009
008 - ELEMENTOS DE LONGITUD FIJA
fixed length control field 901204s1987 sp spa
016 7# - NO. DE CONTROL DE LA AGENCIA BIB. NACIONAL
Canceled/invalid record control number
Source BPMSU
017 ## - NÚMERO DE REGISTRO DE DERECHOS DE AUTOR
Copyright or legal deposit number
040 ## - FUENTE DE CATALOGACIÓN
Agencia que crea de manera original el registro BPMSU
Idioma de catalogación spa
Agencia que realiza la transcripción BPMSU
100 1# - ASIENTO PRINCIPAL -- NOMBRE PERSONAL
Nombre personal Hofman, Ota
245 10 - MENCIÓN DE TITULO
Título Pan Tau :
Subtítulo su historia completa, cómo se perdió y cómo volvieron a encontrarle
Mención de responsabilidad Ota Hofman ; traducción de Lola Romero ; ilustraciones de Günther Lawrenz
260 ## - PUBLICACIÓN, DISTRIBUCIÓN, ETC. (PIE DE IMPRENTA)
Lugar de publicación, distribución, etc Barcelona :
Nombre del editor, distribuidor, etc. Salvat,
Fecha de publicación, distribución, etc 1987
300 ## - DESCRIPCIÓN FÍSICA
Extensión 2 v. :
Otros detalles físicos il.;
Dimensiones 22 cm.
490 1# - MENCIÓN DE SERIES
Mención de serie Biblioteca juvenil
Volume/sequential designation 44
500 ## - NOTA GENERAL
Nota general Traducción de: Pan Tau a tisic zazraku
505 0# - NOTA DE CONTENIDO
Texto normalizado de contenido v. 1. Llega Pan Tau ­ v. 2. Desaparece Pan Tau
700 1# - ASIENTO SECUNDARIO -- NOMBRE PERSONAL
Nombre personal Romero, Lola
Mención de responsabilidad traductor
700 1# - ASIENTO SECUNDARIO -- NOMBRE PERSONAL
Nombre personal Lawrenz, Günther
Mención de responsabilidad ilustración
830 #0 - ASIENTO SECUNDARIO DE SERIE--TÍTULO UNIFORME
Título uniforme Biblioteca juvenil (Salvat Editores)
Volume number/sequential designation 44
942 ## - ADDED ENTRY ELEMENTS (KOHA)
Source of classification or shelving scheme Dewey Decimal Classification
Koha item type Libros
945 ## - INFORMACIÓN DE PROCESAMIENTO LOCAL
Información de procesamiento local Inventariado, 2018 / BT
956 ## - LOCAL ELECTRONIC LOCATION AND ACCESS (OCLC)
Nombre de host VMATEO
Método de acceso 10
Materiales especificados 20151123
Enlace BPMSU
Campo enlazado y núm. de secuencia 00151
Existencias
Withdrawn status Lost status Source of classification or shelving scheme Damaged status Not for loan Collection code Home library Current library Date acquired Source of acquisition Total Checkouts Barcode Date last seen Price effective from Koha item type
    Dewey Decimal Classification     Colección Juvenil General Biblioteca Pública Metropolitana Salomé Ureña Biblioteca Pública Metropolitana Salomé Ureña 11/23/2015 FUNDI   BPMSU15110433 11/23/2015 11/23/2015 Libros